000 00570nam a2200181Ia 4500
008 090122s9999 xx 000 0 und d
082 _b12824
100 _aमुळे
_bज्ञानेश्वर
245 _aमाती पंख आणि आकाश
260 _bनवसाहित्य
_c2006
300 _a245
501 _aअक्षरधारा
600 _aमुळे
630 _aमाती पंख आणि आकाश
700 _aमुळे
730 _aमाती पंख आणि आकाश
942 _cBOOK
999 _c36901
_d36901